000 00602cam a22002171 4500
001 sa 68010121
003 DLC
005 20260227112550.0
008 890507s1952 io c 000 0 dut
010 _asa 68010121
035 _a(OCoLC)23389619
040 _aDLC
_cMiU
_dDLC
042 _apremarc
043 _aa-io---
050 0 0 _aAZ785
_b.W6
100 1 _aWongsonegoro, K. R. M. T.
245 1 0 _aDjiwa budaja disamping ilmu pengetahuan.
260 _aDjakarta,
_bKem. P. P. dan K., Bag. Penerangan
_c[1952]
300 _a8 p.
_bport.
_c16 cm.
650 0 _aLearning and scholarship
_zIndonesia.
999 _c83342
_d83342